Руководство к устройству кабельных линий: подземные, воздушные, речные и морские кабели; электрические их условия и аппараты действующие на кабельных линиях: с 260 рисунками в тексте и особым атласом; Вып. 1: Кабельные линии

Bibliografiset tiedot
Päätekijä: Писаревский Н. Г. Николай Григорьевич
Yhteenveto:Текст в русской дореформенной орфографии
Kieli:venäjä
Julkaistu: Санкт-Петербург, Типография и литография В. В. Комарова, 1889
Aiheet:
Aineistotyyppi: MixedMaterials Kirja
KOHA link:https://koha.lib.tpu.ru/cgi-bin/koha/opac-detail.pl?biblionumber=371768

MARC

LEADER 00000nam0a2200000 4500
001 371768
005 20231102012419.0
035 |a (RuTPU)RU\TPU\retro\29178 
090 |a 371768 
100 |a 20221110d1889 m y0rusy50 ca 
101 0 |a rus 
102 |a RU 
105 |a a z 000zy 
200 1 |a Руководство к устройству кабельных линий: подземные, воздушные, речные и морские кабели; электрические их условия и аппараты действующие на кабельных линиях  |e с 260 рисунками в тексте и особым атласом  |h Вып. 1: Кабельные линии  |f Н. Г. Писаревский 
210 |a Санкт-Петербург  |c Типография и литография В. В. Комарова  |d 1889 
215 |a 317 с.  |c ил. 
300 |a Текст в русской дореформенной орфографии 
316 |5 63413507: 218//123  |a На корешке владельческий экслибрис: «О. И. У.» 
317 |5 63413507: 218//123  |a Поступил в НТБ в 1920 г. в дар от Окружного Инженерного управления Сибирского Военного Округа в Омске 
606 1 |a Кабельные линии  |2 stltpush  |3 (RuTPU)RU\TPU\subj\13417  |9 40028 
610 1 |a 19 век 
610 1 |a изолирующие материалы 
610 1 |a изолирующие соединения 
610 1 |a оболочка 
610 1 |a подземные кабельные линии 
610 1 |a телефонные кабели 
610 1 |a прокладка 
610 1 |a монтаж 
610 1 |a погружение 
610 1 |a погружные кабели 
610 1 |a поднятия 
610 1 |a напряжение 
610 1 |a подводные кабели 
610 1 |a Коллекция СибВО 
610 1 |a владельческие знаки 
675 |a 621.315.23  |v 3 
700 1 |a Писаревский  |b Н. Г.  |c инженер в области электрических средств связи  |c первый директор Электротехнического института (Санкт-Петербург)  |f 1821-1895  |g Николай Григорьевич  |2 stltpush  |3 (RuTPU)RU\TPU\pers\34294  |9 17807 
801 1 |a RU  |b 63413507  |c 20221110 
801 2 |a RU  |b 63413507  |c 20221206  |g RCR 
942 |c BK